Cross-Cultural Networking In The Eastern Indian Ocean Realm, c.100-1800 (Record no. 183548)
[ view plain ]
| 000 -LEADER | |
|---|---|
| fixed length control field | 00830 a2200217 4500 |
| 005 - DATE AND TIME OF LATEST TRANSACTION | |
| control field | 20211228144855.0 |
| 010 ## - LCCN (DPL NO) | |
| LC control number | ENG-130712 |
| 020 ## - INTERNATIONAL STANDARD BOOK NUMBER | |
| International Standard Book Number | 978-93-5252-695-6 |
| Terms of availability | 1495.00 |
| 035 ## - SYSTEM CONTROL NUMBER | |
| System control number | EN-114244 |
| 037 ## - SOURCE OF ACQUISITION | |
| Source of stock number/acquisition | DBAD/PUB |
| 082 ## - DEWEY DECIMAL CLASSIFICATION NUMBER | |
| Classification number | 337.11824 |
| 245 ## - TITLE STATEMENT | |
| Title | Cross-Cultural Networking In The Eastern Indian Ocean Realm, c.100-1800 |
| Statement of responsibility, etc | Kenneth R. Hall & Suchandra Ghosh & Kaushik Gangopadhyay & Rila Mukherjee |
| 260 ## - PUBLICATION, DISTRIBUTION, ETC. (IMPRINT) | |
| Place of publication, distribution, etc | Delhi |
| Name of publisher, distributor, etc | Primus Books |
| Date of publication, distribution, etc | 2020 |
| 270 ## - ADDRESS | |
| Address | Virat Bhawan, Mukherjee Nagar, Commercial Complex |
| City | Delhi |
| Postal code | 110009 |
| 300 ## - PHYSICAL DESCRIPTION | |
| Extent | ix-xv, 340p. |
| Dimensions | 24cm (hbk) |
| Other physical details | Editors, Contributers, Maps, Graphs, Figures, Plates and Tables |
| 700 ## - ADDED ENTRY--PERSONAL NAME | |
| Personal name | Hall, Kenneth R. |
| 700 ## - ADDED ENTRY--PERSONAL NAME | |
| Personal name | Ghosh, Suchandra |
| 700 ## - ADDED ENTRY--PERSONAL NAME | |
| Personal name | Gangopadhyay, Kaushik |
| 700 ## - ADDED ENTRY--PERSONAL NAME | |
| Personal name | Mukherjee, Rila |
| 942 ## - ADDED ENTRY ELEMENTS (KOHA) | |
| Institution code [OBSOLETE] | dpl |
| Item type | English Books |
| Source of classification or shelving scheme | Dewey Decimal Classification |
| Classification part | 337.11824 |
| Call number suffix | HALL |
| Withdrawn status | Lost status | Not for loan | Collection code | Home library | Current library | Date acquired | Source of acquisition | Cost, normal purchase price | Full call number | Barcode | Copy number | Cost, replacement price | Koha item type |
|---|---|---|---|---|---|---|---|---|---|---|---|---|---|
| Non-fiction | Mobile Library | Mobile Library | 28/12/2021 | DBAD/PUB | 1495.00 | 337.11824 HALL | EN-114244 | 1 | 1495.00 | English Books |
